01058cam a22002531 4500001001300000003000400013005001700017008004100034010001700075035001900092040004200111042001200153050002400165100003000189245010800219260008500327300001900412490009200431500011500523500005100638650003900689650005900728999001700787gs 31000140 DLC20260227111335.0831006s1931 cau s000 0 eng c ags 31000140  a(OCoLC)9989049 aU.S. Geol. Survey. Libr.cTxBeaLdDLC apremarc00aTN24.C2bA3 no. 1041 aShedd, Solon,d1860-1941.10aBibliography of the geology and mineral resources of California to the end of 1929,cby Solon Shedd ... aSacramento,bCalifornia state printing office, H. Hammond, state printer,c1931. a205 p.c23 cm.0 aCalifornia. Dept. of Natural Resources. Division of Mines and Mining. Bulletinvno. 104 aAt head of title: State of California. Department of Natural Resources. Division of Mines. Geologic Branch ... aPreliminary edition only: subject to revision. 0aGeologyzCaliforniavBibliography. 0aMines and mineral resourceszCaliforniavBibliography. c26876d26876